00740nam a2200181Ia 4500008004100000020002000041022001500061040001300076082001700089100002200106245014600128260004400274300002900318500005000347650004900397650006200446650005000508191130s2005##################000#0#eng## a0714656259 (hb) a2004010787 aACLcACL a940.53/49742 aRedžić, Enver aBosnia and Herzegovina in the second world warcEnver Redzic ; translated by Aida Vidan ; introduction and editorial notes by Robert J. Donia aLondon ; Portland, ORbFrank Cassc2005 axi, 250 p. : map ; 24 cm aIncludes bibliographical references and index aBosnia and Hercegovina - History - 1918-1945 aMuslims - Bosnia and Hercegovina - History - 20th century aWorld War, 1939-1945 - Bosnia and Hercegovina